|
|
|
|
| LEADER |
00000nab a2200000 a 4500 |
| 001 |
vtls000764092 |
| 003 |
SK-MaSNL |
| 005 |
20260305000043.0 |
| 008 |
250505c2001 xo 0 slo |
| 015 |
|
|
|a SNBRB2001/08-22496
|
| 035 |
|
|
|a CLN000115879
|
| 035 |
|
|
|a urn:nbn:sk:snk-abbuf9
|
| 035 |
|
|
|a (urnnbn)urn:nbn:sk:snk:ar-000rpa
|
| 035 |
|
|
|a (uuid)4fc13c86-848c-4b59-ab1a-7f6967d9afc4
|
| 040 |
|
|
|a SNKBUCL
|b slo
|c SNKBUCL
|e AACR2
|
| 041 |
0 |
|
|a slo
|
| 044 |
|
|
|a xo
|c SK
|
| 080 |
|
|
|a 943.76(=861)(048)
|2 1997
|
| 080 |
|
|
|a 949.711"14/19":325(048)
|2 1997
|
| 080 |
|
|
|a 325.2(497.11)"14/19"(048)
|2 1997
|
| 080 |
|
|
|a 325.14(437.6=861)(091)(048)
|2 1997
|
| 100 |
1 |
|
|a Jovankovič, Samuel,
|d 1948-
|4 aut
|9 252160
|
| 245 |
1 |
0 |
|a Srbi na Slovensku
|c Samuel Jovankovič
|
| 300 |
|
|
|b Obr.
|
| 650 |
0 |
7 |
|a Srbi
|z Slovensko
|x dejiny
|x monografie
|x recenzie
|2 snkbucl
|9 1464121
|
| 650 |
0 |
7 |
|a vysťahovalectvo srbské
|x dejiny
|x monografie
|x recenzie
|2 snkbucl
|9 1464122
|
| 655 |
|
7 |
|a články z novín a časopisov
|2 snkbucl
|9 267496
|
| 773 |
0 |
|
|t Knižnica
|g Roč. 2, č. 5 (2001), s. 278-279
|x 1335-7026
|
| 787 |
0 |
8 |
|i Rec.:
|a Cerović, Ljubivoje
|t Srbi na Slovensku
|d Báčsky Petrovec : Kultúra ; Nový Sad : Spolok srbsko-slovenského priateľstva, 1999
|
| 850 |
|
|
|a Slovenská národná knižnica
|
| 852 |
|
|
|a Slovenská národná knižnica
|
| 856 |
4 |
1 |
|u http://www.snk.sk/images/snk/NBU/Kniznica/5_2001/278.pdf
|
| 954 |
|
|
|a odborná, vedecká literatúra pôvodná (slovenská)
|2 lita
|
| 958 |
|
|
|a article15
|
| 958 |
|
|
|a OND
|
| 958 |
|
|
|a EUIPO
|
| 992 |
|
|
|a RBX
|
| 999 |
|
|
|c 3211950
|d 3213880
|